000 00630nam a2200205Ia 4500
003 GCL
008 140319s9999 xx 000 0 ara d
040 _aGCL /
_cGCL
082 0 4 _a982.431
_bم ش
100 1 _aمصطفى ماهر
_vAnnotator
_@
…علق
245 1 0 _aشيللر- حياتة واعمالة /
_cمصطفى ماهر
260 _a[S.N] :
_bالهيئة المصرية العامة للكتاب ،
_c1987
300 _a362 ص
490 _a
650 0 4 _aالادب الالمانى
650 0 4 _aالشعراء
650 0 4 _aالمانيا فى الادب
650 0 4 _aشيللر
942 _2ddc
_cBK
999 _c29375
_d29375